|
|
|
|
| LEADER |
01167nam a22002057a 4500 |
| 003 |
GR-PaULI |
| 005 |
20210117210628.0 |
| 007 |
ta |
| 008 |
180525s1969 gr a|||f |||| 00| 0 gre d |
| 040 |
|
|
|a GR-PaULI
|b gre
|c GR-PaULI
|e AACR2
|
| 060 |
|
|
|a WK 265
|
| 245 |
0 |
0 |
|a Υπερθυρεοειδισμός :
|b συζήτησις στρογγύλης τραπέζης οργανωθείσα υπό της Ελληνικής Ενδοκρινολογικής Εταιρείας την 7ην Νοεμβρίου 1968, εις το Hilton Αθηνών.
|
| 260 |
|
|
|a [χ. τ.] :
|b Περιοδικό Ιατρική
|c 1969.
|
| 300 |
|
|
|a 86 σ. ;
|c 21 εκ.
|
| 500 |
|
|
|a Ανάτυπον εκ του περιοδικού "Ιατρική", Αύγουστος 1969, τόμος 16, τεύχος 2, σελ 138-169.
|
| 650 |
|
4 |
|9 132647
|a Θυρεοειδής αδένας
|x Ασθένειες
|
| 942 |
|
|
|2 nlm
|c BKN
|
| 952 |
|
|
|0 0
|1 0
|2 nlm
|4 0
|6 WK_265
|7 1
|9 222461
|a MEDI
|b MEDI
|c DON
|d 2018-05-25
|i 7082
|l 0
|o WK 265
|p 025000174781
|r 2018-05-25 00:00:00
|t 1
|v 2018.00
|w 2018-05-25
|y BKN
|z Δωρεά Γρ. Αγγελόπουλου (αίθουσα δωρεών)
|
| 998 |
|
|
|c ΜΑΝΙΑΚΗ
|d 2018
|
| 999 |
|
|
|c 134421
|d 134421
|